Normal view
MARC view
Entry Personal Name
001 - CONTROL NUMBER
- control field: 69316
003 - CONTROL NUMBER IDENTIFIER
- control field: dpl
005 - DATE AND TIME OF LATEST TRANSACTION
- control field: 20240802141916.0
008 - FIXED-LENGTH DATA ELEMENTS
- fixed length control field: 240802|| aca||aabn | a|a d
040 ## - CATALOGING SOURCE
- Original cataloging agency: dpl
- Transcribing agency: dpl
100 ## - HEADING--PERSONAL NAME
- Personal name: वर्मा, संगीता
670 ## - SOURCE DATA FOUND
- Source citation: Work cat.: (dpl)204747: वर्मा, संगीता, साधना/, 2023
